| 000 | 00603nam a2200145Ia 4500 | ||
|---|---|---|---|
| 008 | 210430s9999 xx 000 0 und d | ||
| 020 | _a9781593700171 | 1593700172 | ||
| 082 | _a665.7 K2911N | ||
| 100 |
_aKelkar, Mohan. _954856 |
||
| 245 |
_aNatural gas production engineering / _cKelkar, Mohan. |
||
| 260 |
_aTulsa, Okla. : _bPennWell, _c2008 |
||
| 300 | _axi, 571 p. : | ||
| 856 | _uhttp://www.loc.gov/catdir/enhancements/fy0901/2007046605-b.html | http://www.loc.gov/catdir/enhancements/fy0901/2007046605-d.html | http://www.loc.gov/catdir/enhancements/fy0901/2007046605-t.html | ||
| 942 |
_cREF _2ddc |
||
| 999 |
_c565744 _d565744 |
||